01087cam a2200265 a 4500999001700000001000800017003000400025005001700029008004100046010001700087020002500104040001800129050001900147082001400166110010400180245011900284260008400403300002600487440003100513500004100544650003300585906004500618942003800663952012000701 c27458d274583886549OSt20170208145304.0900409s1990 dcu 000 0 eng  a 90000570  a0871683784 :c$12.95 aDLCcDLCdDLC00aQ181 .L53 199000a507.12202 aProject on Liberal Education and the Sciences (American Association for the Advancement of Science)14aThe liberal art of science :bagenda for action : the report of the Project on Liberal Education and the Sciences. aWashington, D.C. :bAmerican Association for the Advancement of Science,c1990. axix, 121 p. ;c28 cm. 0aAAAS publication ;v90-13S aIncludes bibliographical references. 0aSciencexStudy and teaching. a7bcbccorignewd1eocipf19gy-gencatlg 2lcccBOOKShQ181 .L53 1990k35054 00102lcc4070aMUCbMUCcTECHd2017-02-08eDonation(BFA)l0oQ181 .L53 1990p35054r2018-05-31w2017-02-08yBOOKS